00740nam a2200217Ia 450000500170000000800410001702000180005804000180007604100080009408200210010224501160012325000120023926000480025130000290029965000510032865000300037965000440040970000190045370000220047270000280049420230516143725.0210716s2009 xx 000 0 und d a9788126521653 cAIMIT LIBRARY aeng a004.61 21bKAPG aWeb engineering:bdiscipline of systematic development of web applications /cEdited by Gerti Kappel...[et.al]. a1st ed. aNew Delhi :bJohn wiley & sons Ltd ,c2009. axvii,366p. ;bPBc23 cm. aRequirements engineering for web applications  aModeling web applications aTechnology aware web application design aProll, Birgit. aReich, Siegfried. aRetschitzegger, Werner.